000 00569nas a2200217 i 4500
001 510
003 ES-MaACL
005 20250217133806.0
007 t|
008 950801c1855 sp | | 1 ||pa d
080 _a35
245 0 0 _aBoletín oficial de sanidad militar.
260 _aMadrid :
_bImp. Alejandro Fuentenebro,
_c1855-
300 _a2 v. ;
_c21 cm.
310 _aIrregular
362 0 _aN. 1 (1855)-
650 4 _aSanidad militar-
_zEspaña-
_vLegislación.
_9154541
852 _aES-MaACL
_jHem-745
866 0 _o1855-63(1864).
999 _c510
_d510